تحميل...

ADVERTISING AGE Encyclopedia of advertising /

التفاصيل البيبلوغرافية
اللغة:Undetermined
منشور في: New York : Fitzroy Dearborn , 2003.
الموضوعات:
LEADER 00864nam a2200181Ia 4500
001 134978
008 170722s9999 xx 000 0 und d
020 |a 1579581722 
245 |a ADVERTISING AGE Encyclopedia of advertising / 
260 |a New York :  |b Fitzroy Dearborn ,  |c 2003. 
500 |a Ed by Johna Mc Donough etc.3V. 
653 |a Advertising 
653 |a Encyclopedia 
942 |c GEN 
999 |c 126153  |d 126153 
952 |0 0  |1 0  |4 0  |6 X_513K_P3_1P3_3R  |7 0  |8 R  |9 178393  |a LIB  |b LIB  |d 2013-03-25  |e Modern Book Centre  |o X:513k P3.1-P3.3(R)  |p 248950  |r 2017-08-12  |w 2017-08-12  |y GEN 
952 |0 0  |1 0  |4 0  |6 X_513K_P3_1P3_3R  |7 0  |8 R  |9 178394  |a LIB  |b LIB  |d 2013-03-25  |e Modern Book Centre  |o X:513k P3.1-P3.3(R)  |p 248951  |r 2017-08-12  |w 2017-08-12  |y GEN 
952 |0 0  |1 0  |4 0  |6 X_513K_P3_1P3_3R  |7 0  |8 R  |9 178395  |a LIB  |b LIB  |d 2013-03-25  |e Modern Book Centre  |o X:513k P3.1-P3.3(R)  |p 248952  |r 2017-08-12  |w 2017-08-12  |y GEN